000 00300nam a22001217a 4500
008 180425b xxu||||| |||| 00| 0 eng d
041 _aeng
080 _a043.3
100 _a0
101 _aSHKI-BTH
245 _aKrahasimi i zhvillit të Ueb shërbimeve me JAVA dhe C#
_cShkodra,E
942 _2udc
_cBK
999 _c45497
_d45497